000 00847nam0a22002531 4500
001 rc\128081
005 20021216142436.4
010 _a5-7028-0120-2
_975000
035 _a(NLR Aleph) 005383459
090 _a7125264
_c7125264
100 _a20021216d1997 u |0rusy50 ca
101 0 _arus
102 _aRU
105 _ay |||||||||
200 1 _aДвижение недвижимости. Закономерности решения жилищных проблем
_e(Практ. пособие по обмену квартир)
_fЛ.В. Калюлин
210 _aН. Новгород
_cБ. и.
_d1997
215 _a64 с.
_d20
300 _aВ предисл. авт.: музыкант
700 1 _aКалюлин
_bЛ. В.
801 0 _aRU
_bNLR
_gpsbo
801 1 _aRU
_bELAR
_2rusmarc
852 _aNLR
_j97-4/15429
942 _cBOOK
980 _aNB